[Event "Barcelona Sant Marti op 11th"]
[Site "Barcelona"]
[Date "2024.02.08"]
[Round "5"]
[White "Munoz Igual, Xavier"]
[Black "Vallbona Domingo, Joan"]
[Result "1/2-1/2"]
[WhiteElo "2035"]
[BlackElo "1823"]
[PlyCount "60"]
[EventDate "2024.01.11"]
[EventType "swiss"]
[EventRounds "9"]
[EventCountry "ESP"]
[SourceTitle "CB11_2024"]
[SourceDate "2024.03.13"]
[SourceVersion "1"]
[SourceVersionDate "2024.03.13"]
[SourceQuality "1"]

1. d4 d5 2. c4 e6 3. Nc3 Nf6 4. cxd5 exd5 5. Bg5 c6 6. e3 h6 7. Bh4 Be7 8. Bd3 0-0 9. Nge2 Re8 10. 0-0 b5 11. Qc2 Nbd7 12. f3 Bb7 13. Bf2 Bf8 14. Kh1 Nb6 15. e4 b4 16. Nb1 Nfd7 17. Nd2 a5 18. Nb3 Nc8 19. e5 c5 20. Nxc5 Bxc5 21. dxc5 Nxe5 22. Bb5 Bc6 23. Nd4 Bxb5 24. Nxb5 Rb8 25. Nd4 Na7 26. Bg3 Rc8 27. b3 Qd7 28. Rac1 Nec6 29. Nf5 Nb5 30. Rcd1 Re6 1/2-1/2

[Event "Barcelona Sant Marti op 11th"]
[Site "Barcelona"]
[Date "2024.02.01"]
[Round "4"]
[White "Vallbona Domingo, Joan"]
[Black "Bieg Pagel, Clemens"]
[Result "1-0"]
[WhiteElo "1823"]
[BlackElo "1700"]
[PlyCount "127"]
[EventDate "2024.01.11"]
[EventType "swiss"]
[EventRounds "9"]
[EventCountry "ESP"]
[SourceTitle "CB11_2024"]
[SourceDate "2024.03.13"]
[SourceVersion "1"]
[SourceVersionDate "2024.03.13"]
[SourceQuality "1"]

1. c4 e5 2. g3 Nf6 3. Bg2 d5 4. cxd5 Nxd5 5. Nf3 Nc6 6. d3 Be7 7. Bd2 Be6 8. Nc3 Nb6 9. a4 a5 10. 0-0 f5 11. h4 h6 12. Nb5 Bf6 13. Be3 Nd5 14. Bc5 Rc8 15. Nd2 g5 16. e4 Nde7 17. exf5 Nxf5 18. Qh5+ Bf7 19. Qf3 Be6 20. Ne4 Be7 21. Rac1 Ng7 22. Bxe7 Qxe7 23. Nf6+ Kd8 24. Nd5 Bxd5 25. Qxd5+ Qd7 26. Qc4 Nd4 27. Nxd4 Qxd4 28. Bxb7 Qxc4 29. Rxc4 Rb8 30. Ba6 Rxb2 31. hxg5 hxg5 32. Re4 Rb6 33. Bb5 Rbh6 34. Rfe1 g4 35. Kf1 Nf5 36. Rxe5 Rh1+ 37. Ke2 Nd4+ 38. Kd1 Rxe1+ 39. Rxe1 Nxb5 40. axb5 Rh5 41. Re4 Rg5 42. Ra4 Rxb5 43. Rxg4 Kd7 44. Rc4 c5 45. d4 cxd4 46. Rxd4+ Ke6 47. Ke2 Ke5 48. Ra4 Rb2+ 49. Kf3 Rb3+ 50. Kg2 Rb5 51. g4 Kf6 52. Kg3 Rc5 53. Rf4+ Kg6 54. Rf8 a4 55. Ra8 Rc3+ 56. Kh4 a3 57. f4 Rb3 58. Ra6+ Kg7 59. Kg5 Rb5+ 60. f5 Rb3 61. Ra7+ Kf8 62. Kg6 Rg3 63. g5 Rb3 64. f6 1-0

[Event "Barcelona Sant Marti op 11th"]
[Site "Barcelona"]
[Date "2024.01.25"]
[Round "3"]
[White "Garcia Escoda, Marc"]
[Black "Vallbona Domingo, Joan"]
[Result "1-0"]
[WhiteElo "2074"]
[BlackElo "1823"]
[PlyCount "83"]
[EventDate "2024.01.11"]
[EventType "swiss"]
[EventRounds "9"]
[EventCountry "ESP"]
[SourceTitle "CB11_2024"]
[SourceDate "2024.03.13"]
[SourceVersion "1"]
[SourceVersionDate "2024.03.13"]
[SourceQuality "1"]

1. Nf3 d5 2. d4 Nf6 3. g3 c5 4. Bg2 Nc6 5. 0-0 e6 6. c4 dxc4 7. Qa4 Bd7 8. Qxc4 b5 9. Qd3 Rc8 10. Nc3 c4 11. Qb1 b4 12. Ne4 Be7 13. Bf4 Nxe4 14. Qxe4 0-0 15. Rfd1 f5 16. Qe3 Bf6 17. Bd6 Be7 18. Bxe7 Qxe7 19. Rac1 Na5 20. d5 Rfe8 21. d6 Qd8 22. Qxa7 Nc6 23. Qc5 e5 24. Qxc4+ Be6 25. Qa6 Bd7 26. h4 h6 27. h5 e4 28. Nh4 Ne5 29. Rxc8 Qxc8 30. Qxc8 Rxc8 31. Bh3 Rf8 32. Rd5 f4 33. Bxd7 Nxd7 34. Ng6 fxg3 35. Nxf8 gxf2+ 36. Kxf2 Kxf8 37. Ke3 Kf7 38. Kxe4 Ke6 39. Rd4 Nf6+ 40. Kf3 Nd7 41. Rxb4 Kxd6 42. Rd4+ 1-0

[Event "Catalunya-ch Seniors"]
[Site "Malgrat del Mar"]
[Date "2023.05.18"]
[Round "5"]
[White "Vallbona Domingo, Joan"]
[Black "Martinez Balaguer, Josep Maria"]
[Result "1-0"]
[WhiteElo "1852"]
[BlackElo "1669"]
[PlyCount "103"]
[EventDate "2023.05.14"]
[EventType "swiss"]
[EventRounds "8"]
[EventCountry "ESP"]
[SourceTitle "CBM 214 Extra"]
[Source "ChessBase"]
[SourceDate "2023.07.31"]
[SourceVersion "1"]
[SourceVersionDate "2023.07.31"]
[SourceQuality "1"]

1. Nf3 c5 2. c4 Nc6 3. Nc3 Nf6 4. e3 d5 5. d4 cxd4 6. exd4 Bg4 7. Be2 e6 8. 0-0 Be7 9. h3 Bh5 10. Qb3 0-0 11. cxd5 Bxf3 12. dxc6 Bxc6 13. Rd1 Qc7 14. Be3 Nd5 15. Nxd5 Bxd5 16. Qa4 Qb6 17. Qb5 Qxb5 18. Bxb5 Rac8 19. Bd3 Rfd8 20. a3 Bf6 21. Kf1 Kf8 22. Rac1 Ke7 23. Rxc8 Rxc8 24. f3 Bb3 25. Rd2 g6 26. Be4 Bh4 27. Ke2 Rc1 28. Bf2 Bg5 29. Be3 Bc4+ 30. Bd3 Bh4 31. Bxc4 Rxc4 32. Kd3 b5 33. Rc2 Rxc2 34. Kxc2 a6 35. b3 Kd6 36. Kd3 Kd5 37. Bg1 a5 38. a4 b4 39. Be3 f5 40. g4 g5 41. f4 h6 42. Bd2 gxf4 43. Bxf4 Bg5 44. Bc7 Bf6 45. gxf5 exf5 46. Bxa5 Bxd4 47. Bxb4 f4 48. Bd2 Be5 49. a5 h5 50. Bc3 Bb8 51. Bd4 Kc6 52. a6 1-0

[Event "Barcelona La Lira op 14th"]
[Site "Barcelona"]
[Date "2023.05.04"]
[Round "3"]
[White "Vallbona Domingo, Joan"]
[Black "Asensio Linan, Teodoro"]
[Result "1/2-1/2"]
[WhiteElo "1831"]
[BlackElo "2090"]
[PlyCount "58"]
[EventDate "2023.04.20"]
[EventType "swiss"]
[EventRounds "9"]
[EventCountry "ESP"]
[SourceTitle "EXT 2024"]
[Source "ChessBase"]
[SourceDate "2023.10.10"]
[SourceVersion "1"]
[SourceVersionDate "2023.10.10"]
[SourceQuality "1"]

1. Nf3 Nf6 2. b3 g6 3. Bb2 Bg7 4. g3 d6 5. d4 0-0 6. Bg2 Nc6 7. 0-0 e5 8. dxe5 Ng4 9. Qc1 Ncxe5 10. h3 Nxf3+ 11. exf3 Bxb2 12. Qxb2 Qf6 13. c3 Ne5 14. f4 Nd3 15. Qd2 Nc5 16. Na3 a6 17. Rfe1 h6 18. Nc2 Rd8 19. c4 c6 20. Rad1 a5 21. Qd4 Qxd4 22. Rxd4 Kf8 23. Ne3 f5 24. Nf1 Be6 25. Red1 Ke7 26. Ne3 Rd7 27. Bf3 Rad8 28. Kg2 Rg8 29. h4 Rgd8 1/2-1/2

[Event "Barcelona La Lira op 39th"]
[Site "Barcelona"]
[Date "2023.03.03"]
[Round "7"]
[White "Vallbona Domingo, Joan"]
[Black "Bieg Pagel, Clemens"]
[Result "1-0"]
[WhiteElo "1892"]
[BlackElo "1762"]
[PlyCount "85"]
[EventDate "2023.01.20"]
[EventType "swiss"]
[EventRounds "8"]
[EventCountry "ESP"]
[SourceTitle "CBM 213 Extra"]
[Source "ChessBase"]
[SourceDate "2023.05.31"]
[SourceVersion "1"]
[SourceVersionDate "2023.05.31"]
[SourceQuality "1"]

1. d4 Nf6 2. Nf3 e6 3. g3 d5 4. Bg2 Be7 5. 0-0 0-0 6. c4 dxc4 7. Qc2 a6 8. a4 Bd7 9. Qxc4 Bc6 10. Bg5 a5 11. Nc3 Nbd7 12. Rfe1 h6 13. Bxf6 Nxf6 14. e4 Bb4 15. Ne5 Qd6 16. Nxf7 Qe7 17. Ne5 Be8 18. Bh3 Ra6 19. Qb3 Kh7 20. Rad1 Bh5 21. Rd2 g5 22. Qc2 Nd7 23. Nd3 g4 24. Bg2 c5 25. Nf4 Rxf4 26. gxf4 cxd4 27. Rxd4 e5 28. fxe5 Nxe5 29. Kh1 Bc5 30. Nd5 Qf8 31. Rd2 Rc6 32. Nc3 Bg6 33. Rf1 Bb6 34. Qd1 h5 35. Nd5 Qf4 36. Nc3 Ba7 37. Ne2 Qg5 38. Rd5 h4 39. f4 gxf3 40. Rxf3 Bh5 41. Rf5 Qe3 42. Rxh5+ Kg6 43. Rhxe5 1-0

[Event "Barcelona Vila de Gracia op 25th"]
[Site "Barcelona"]
[Date "2021.11.12"]
[Round "7"]
[White "Cabello Sierra, Victor"]
[Black "Vallbona Domingo, Joan"]
[Result "0-1"]
[WhiteElo "1727"]
[BlackElo "1923"]
[PlyCount "82"]
[EventDate "2021.10.01"]
[EventType "swiss"]
[EventRounds "9"]
[EventCountry "ESP"]
[SourceTitle "EXT 2023"]
[Source "ChessBase"]
[SourceDate "2022.10.05"]
[SourceVersion "1"]
[SourceVersionDate "2022.10.05"]
[SourceQuality "1"]

1. e4 c5 2. Nc3 e6 3. Nf3 a6 4. d4 cxd4 5. Nxd4 Qc7 6. Bd3 Nc6 7. Nxc6 dxc6 8. 0-0 e5 9. f4 Bc5+ 10. Kh1 Nf6 11. f5 h5 12. Qf3 Ng4 13. Bg5 Bd7 14. Nd1 f6 15. Bh4 0-0-0 16. a4 Be8 17. h3 Nh6 18. Qe2 Bf7 19. b4 Bxb4 20. Rb1 Qa5 21. Bf2 Rd7 22. c3 Bc5 23. Bxc5 Qxc5 24. Bxa6 Qa7 25. Bc4 Qc5 26. Nb2 Rhd8 27. Bxf7 Nxf7 28. Nc4 Rd3 29. Qb2 b5 30. axb5 Qxc4 31. bxc6 Qxc6 32. Qb8+ Kd7 33. Rb7+ Ke8 34. Qa7 R3d7 35. Rfb1 Rxb7 36. Rxb7 Rd7 37. Rb8+ Ke7 38. Qa2 Rc7 39. Qb3 Qc4 40. Qa3+ Nd6 41. Rg8 Qxg8 0-1

[Event "Barcelona Tres Peons-A"]
[Site "Barcelona"]
[Date "2021.04.28"]
[Round "9"]
[White "Vallbona Domingo, Joan"]
[Black "Dominguez Rueda, Juan"]
[Result "0-1"]
[WhiteElo "1913"]
[BlackElo "1983"]
[PlyCount "77"]
[EventDate "2021.02.24"]
[EventType "tourn"]
[EventRounds "9"]
[EventCountry "ESP"]
[SourceTitle "EXT 2022"]
[Source "ChessBase"]
[SourceDate "2021.10.06"]
[SourceVersion "1"]
[SourceVersionDate "2021.10.06"]
[SourceQuality "1"]

1. Nf3 Nf6 2. d4 g6 3. g3 Bg7 4. Bg2 0-0 5. 0-0 d6 6. c4 Nbd7 7. Nc3 e5 8. e4 c6 9. h3 exd4 10. Nxd4 Re8 11. Nde2 Nc5 12. Qc2 Qe7 13. Re1 d5 14. cxd5 cxd5 15. e5 Qxe5 16. Bf4 Qf5 17. Nd4 Rxe1+ 18. Rxe1 Qxc2 19. Nxc2 Nd3 20. Re7 Nxf4 21. gxf4 Bf8 22. Re2 Be6 23. Nd4 Nh5 24. f5 gxf5 25. Rxe6 fxe6 26. Nxe6 Nf6 27. Nxd5 Kf7 28. Nxf8 Rxf8 29. Nxf6 Kxf6 30. Bxb7 Rb8 31. Bd5 Rxb2 32. Kg2 Ke5 33. Bg8 Kf4 34. Bc4 a5 35. Bb3 h6 36. Be6 a4 37. Bf7 h5 38. Bg8 Rc2 39. Bf7 0-1

[Event "Barcelona Tres Peons-A"]
[Site "Barcelona"]
[Date "2021.03.17"]
[Round "4"]
[White "Valls Sole, Josep"]
[Black "Vallbona Domingo, Joan"]
[Result "0-1"]
[WhiteElo "1887"]
[BlackElo "1913"]
[PlyCount "78"]
[EventDate "2021.02.24"]
[EventType "tourn"]
[EventRounds "9"]
[EventCountry "ESP"]
[SourceTitle "EXT 2022"]
[Source "ChessBase"]
[SourceDate "2021.10.06"]
[SourceVersion "1"]
[SourceVersionDate "2021.10.06"]
[SourceQuality "1"]

1. e4 c5 2. d4 cxd4 3. c3 Nf6 4. e5 Nd5 5. cxd4 e6 6. Nf3 d6 7. Bc4 dxe5 8. dxe5 Nc6 9. 0-0 Be7 10. Qe2 a6 11. Rd1 b5 12. Bb3 Na5 13. Bc2 Qc7 14. Be4 Bb7 15. Nc3 Nxc3 16. bxc3 Bxe4 17. Qxe4 Rc8 18. Be3 Nc4 19. Bd4 0-0 20. Nd2 Rfd8 21. Qe2 Rd5 22. f4 Nxd2 23. Rxd2 h6 24. Kf1 Qc4 25. Rad1 Kf8 26. Qxc4 Rxc4 27. Ke2 Ke8 28. g4 g6 29. Ke3 Kd7 30. Rd3 Kc6 31. Rf1 Ra4 32. Rf2 Rc4 33. f5 gxf5 34. gxf5 Bg5+ 35. Ke4 b4 36. fxe6 fxe6 37. cxb4 Rxb4 38. Rf8 Be7 39. Rf2 Rbxd4+ 0-1

[Event "Barcelona Tres Peons-A"]
[Site "Barcelona"]
[Date "2021.03.10"]
[Round "3"]
[White "Vallbona Domingo, Joan"]
[Black "Brusi Noguera, Ricardo Ll"]
[Result "0-1"]
[WhiteElo "1913"]
[BlackElo "2130"]
[PlyCount "58"]
[EventDate "2021.02.24"]
[EventType "tourn"]
[EventRounds "9"]
[EventCountry "ESP"]
[SourceTitle "EXT 2022"]
[Source "ChessBase"]
[SourceDate "2021.10.06"]
[SourceVersion "1"]
[SourceVersionDate "2021.10.06"]
[SourceQuality "1"]

1. c4 g6 2. Nf3 Bg7 3. d4 c5 4. d5 e6 5. e4 exd5 6. cxd5 d6 7. h3 Nf6 8. Nc3 0-0 9. Be2 Re8 10. Qc2 Na6 11. 0-0 Nb4 12. Qb1 Nfxd5 13. Bg5 Nf6 14. Rd1 Qb6 15. a3 Na6 16. Qd3 Be6 17. Qxd6 Qxb2 18. Bxa6 bxa6 19. Na4 Nxe4 20. Nxb2 Nxd6 21. Rxd6 Bxb2 22. Rb1 Bxa3 23. Rxa6 Bb4 24. Rba1 Bc3 25. R1a3 Bb2 26. R3a5 c4 27. Rxa7 Rxa7 28. Rxa7 Rc8 29. Ne1 Kg7 0-1

[Event "Barcelona Sant Marti op 9th"]
[Site "Barcelona"]
[Date "2020.03.12"]
[Round "9"]
[White "Villar Reymundo, Juan Antonio"]
[Black "Vallbona Domingo, Joan"]
[Result "1-0"]
[WhiteElo "2172"]
[BlackElo "1875"]
[PlyCount "75"]
[EventDate "2020.01.16"]
[EventType "swiss"]
[EventRounds "9"]
[EventCountry "ESP"]
[SourceTitle "EXT 2021"]
[Source "ChessBase"]
[SourceDate "2020.10.23"]
[SourceVersion "1"]
[SourceVersionDate "2020.10.23"]
[SourceQuality "1"]

1. e4 c5 2. Nf3 e6 3. d4 cxd4 4. Nxd4 a6 5. Bd3 Nf6 6. 0-0 Qc7 7. Qe2 d6 8. c4 g6 9. Nc3 Bg7 10. Be3 0-0 11. Rac1 Nbd7 12. f4 b6 13. b4 e5 14. Nd5 Qb7 15. Nc6 Re8 16. fxe5 Nxd5 17. cxd5 Nxe5 18. Nxe5 Bxe5 19. Qf2 b5 20. Bd4 Bxd4 21. Qxd4 Qe7 22. Rf6 Bb7 23. Rcf1 Rf8 24. h4 h5 25. g4 hxg4 26. h5 Qe5 27. Qxe5 dxe5 28. hxg6 fxg6 29. Rxg6+ Kh7 30. Rxg4 Rac8 31. Rxf8 Rxf8 32. Rg5 Rg8 33. Rxg8 Kxg8 34. Kf2 Kg7 35. Kg3 Bc8 36. Kh4 Kf6 37. Be2 Bd7 38. Bg4 1-0

[Event "Barcelona La Lira op 38th"]
[Site "Barcelona"]
[Date "2020.02.07"]
[Round "4"]
[White "Villar Reymundo, Juan Antonio"]
[Black "Vallbona Domingo, Joan"]
[Result "1-0"]
[WhiteElo "2172"]
[BlackElo "1875"]
[PlyCount "61"]
[EventDate "2020.01.17"]
[EventType "swiss"]
[EventRounds "8"]
[EventCountry "ESP"]
[SourceTitle "CBM 195 Extra"]
[Source "ChessBase"]
[SourceDate "2020.05.31"]
[SourceVersion "1"]
[SourceVersionDate "2020.05.31"]
[SourceQuality "1"]

1. Nf3 d5 2. d4 Nf6 3. g3 e6 4. Bg2 b6 5. 0-0 Bb7 6. c4 Be7 7. cxd5 exd5 8. Nc3 0-0 9. Bf4 c6 10. Qc2 Re8 11. Rfd1 Nbd7 12. Rab1 Nh5 13. Bc1 g6 14. b4 b5 15. a4 bxa4 16. Nxa4 Nhf6 17. Nd2 Rb8 18. e4 Ba6 19. e5 Nh5 20. Ba3 Ng7 21. Qxc6 Bd3 22. Rbc1 Bxb4 23. Bxb4 Rxb4 24. Nc3 Rxd4 25. Nxd5 Be2 26. Qc3 Rd3 27. Qc2 Nxe5 28. Re1 Rxd5 29. Bxd5 Qxd5 30. Rxe2 Rd8 31. Qe4 1-0

[Event "Barcelona Sant Marti op 9th"]
[Site "Barcelona"]
[Date "2020.01.30"]
[Round "3"]
[White "Vallbona Domingo, Joan"]
[Black "Romero Funieles, Rafael de Jesus"]
[Result "1-0"]
[WhiteElo "1875"]
[BlackElo "1654"]
[PlyCount "105"]
[EventDate "2020.01.16"]
[EventType "swiss"]
[EventRounds "9"]
[EventCountry "ESP"]
[SourceTitle "CBM 195 Extra"]
[Source "ChessBase"]
[SourceDate "2020.05.31"]
[SourceVersion "1"]
[SourceVersionDate "2020.05.31"]
[SourceQuality "1"]

1. d4 e6 2. Nf3 Be7 3. e4 Nf6 4. Bd3 h6 5. c4 d5 6. e5 Nfd7 7. cxd5 Bb4+ 8. Bd2 Bxd2+ 9. Nbxd2 exd5 10. Rc1 Nb6 11. 0-0 Be6 12. Nb3 N8d7 13. Nfd2 c6 14. f4 g6 15. Qc2 Rg8 16. Nc5 Nxc5 17. dxc5 Nc8 18. Nf3 Ne7 19. Nd4 Qd7 20. b4 a6 21. a4 Nf5 22. Bxf5 gxf5 23. Rf3 Rg4 24. Rb1 Ke7 25. Qf2 Rag8 26. Rg3 h5 27. Rbb3 Kd8 28. h3 Rxg3 29. Rxg3 Rxg3 30. Qxg3 Qe7 31. Kh2 a5 32. Qg8+ Kc7 33. Qa8 axb4 34. Qa5+ Kc8 35. Qxb4 Qh4 36. g3 Qe7 37. Nf3 f6 38. Qd4 fxe5 39. Qxe5 Kd8 40. Qd4 Bc8 41. Ne5 h4 42. gxh4 Kc7 43. Nf3 Qe2+ 44. Kg3 Qe4 45. h5 Be6 46. h6 Qxd4 47. Nxd4 Bg8 48. a5 Bh7 49. Kh4 Kd7 50. Kg5 Ke7 51. Nxc6+ Kd7 52. Nd4 Kc7 53. Kf6 1-0

[Event "Barcelona La Lira op 38th"]
[Site "Barcelona"]
[Date "2020.01.24"]
[Round "2"]
[White "Vallbona Domingo, Joan"]
[Black "Tortosa Moros, Joan"]
[Result "1-0"]
[WhiteElo "1875"]
[BlackElo "1651"]
[PlyCount "63"]
[EventDate "2020.01.17"]
[EventType "swiss"]
[EventRounds "8"]
[EventCountry "ESP"]
[SourceTitle "CBM 195 Extra"]
[Source "ChessBase"]
[SourceDate "2020.05.31"]
[SourceVersion "1"]
[SourceVersionDate "2020.05.31"]
[SourceQuality "1"]

1. d4 Nf6 2. c4 e6 3. g3 Bb4+ 4. Nd2 c5 5. a3 Bxd2+ 6. Qxd2 cxd4 7. Nf3 Nc6 8. Nxd4 Qb6 9. Nb5 0-0 10. Qe3 d5 11. Qxb6 axb6 12. Be3 dxc4 13. Bxb6 Nb4 14. Rc1 Nbd5 15. Bc5 Rd8 16. Bd4 Ra5 17. Nc3 Nxc3 18. Bb6 Rd1+ 19. Rxd1 Nxd1 20. Bxa5 Nxb2 21. Bg2 Nd5 22. Kd2 b6 23. Bxd5 bxa5 24. Rb1 c3+ 25. Kxc3 Na4+ 26. Kd4 exd5 27. Rb8 Kf8 28. Rxc8+ Ke7 29. Ra8 Kd6 30. Ra6+ Ke7 31. Rxa5 Nb6 32. Rxd5 1-0

[Event "Barcelona La Lira op 38th"]
[Site "Barcelona"]
[Date "2020.01.17"]
[Round "1"]
[White "Colomer Gomez, Jordi"]
[Black "Vallbona Domingo, Joan"]
[Result "0-1"]
[WhiteElo "1513"]
[BlackElo "1875"]
[PlyCount "78"]
[EventDate "2020.01.17"]
[EventType "swiss"]
[EventRounds "8"]
[EventCountry "ESP"]
[SourceTitle "CBM 195 Extra"]
[Source "ChessBase"]
[SourceDate "2020.05.31"]
[SourceVersion "1"]
[SourceVersionDate "2020.05.31"]
[SourceQuality "1"]

1. e4 c5 2. Nc3 e6 3. g3 Nc6 4. Bg2 Nf6 5. f4 d5 6. d3 d4 7. Nce2 Be7 8. Nf3 b6 9. 0-0 Bb7 10. h3 Qc7 11. e5 Nd5 12. c4 dxc3 13. bxc3 Rd8 14. a3 b5 15. Rb1 a6 16. Qc2 Nb6 17. g4 g6 18. Ng3 Rd7 19. Ne4 0-0 20. g5 Qd8 21. Rd1 Na5 22. Nf6+ Bxf6 23. gxf6 Be4 24. Ng5 Bxd3 25. Rxd3 Rxd3 26. Nxh7 Kxh7 27. Qf2 Rh8 28. f5 exf5 29. Bh6 Rxc3 30. Kh1 Qd4 31. Qa2 Nbc4 32. Bg7 Qd2 33. Qxd2 Nxd2 34. Rd1 Rd8 35. a4 Nac4 36. Bb7 Rxh3+ 37. Kg2 Ne3+ 38. Kxh3 Nxd1 39. Bxa6 bxa4 0-1